00782nam a2200181 a 4500003000200000005001700002008004100019050002700060100003500087245015400122260009000276300004000366504004100406650004500447650003400492650003600526650003800562020250619144458.0021121s19uu xx 00 eng d aPHS LC 3993b.T36 2000 aTanner, Andre Jay M. Marcelo-. aPerceptions of VAT high school members on the gifted program of Southville International School school year 1999-2000 /cAndre Jay M. Marcelo-Tanner. aLas Piñas City, Philippines :bSouthville International School and Colleges,c2000. a33 pages :billustrations ;c28 cm. aIncludes bibliographical references. aGifted childrenxEducationzPhilippines. aGifted programszPhilippines. aSpecial educationzPhilippines. aAcademic enrichmentzPhilippines.